| 000 | 01821nam0a2200361 4500 | ||
|---|---|---|---|
| 001 | RU\NLR\bibl\1836764 | ||
| 005 | 20250616170534.0 | ||
| 010 |
_a978-5-905279-72-2 _95000 |
||
| 021 |
_aRU _b2011-85322 _96078 |
||
| 035 | _a(NLR Aleph) 001827248 | ||
| 090 |
_a2088359 _c2088359 |
||
| 100 | _a20111121d2012 |||y0rusy50 ca | ||
| 101 | 0 | _arus | |
| 102 | _aRU | ||
| 105 | _aa ||||||||| | ||
| 200 | 1 |
_aЮным умникам и умницам _eкурс РПС (развитие познавательных способностей) _e[информатика, логика, математика] _eметодическое пособие для 1 класса _fО.А. Холодова |
|
| 205 | _aИзд. 3-е изд., перераб. | ||
| 210 |
_aМосква _cРОСТкнига _d2012 |
||
| 215 |
_a268, [2] с. _cил., нот. _d21 |
||
| 225 | 1 | _aВ помощь учителю начальной школы: программа курса "РПС" | |
| 300 | _aНа обл. подзаг. незначит. изменен | ||
| 320 | _aБиблиогр.: с. 196 | ||
| 606 | 1 |
_aСпособности у детей _jМетодические пособия _xВоспитание _xНачальная школа _92442185 _3RU\NLR\auth\661452776 |
|
| 606 | 1 |
_aТворческие способности у детей _jМетодические пособия _xРазвитие _91745476 _3RU\NLR\auth\661077261 |
|
| 606 | 1 |
_aДети _jМетодические пособия _xПознавательные способности _92504724 _3RU\NLR\auth\661485294 |
|
| 686 | _aЧ421.204,01я8 | ||
| 686 | _aЮ983.724я8 | ||
| 700 | 1 |
_aХолодова _bО. А. _4070 |
|
| 801 | 0 |
_aRU _bNLR _c20111121 _gRCR |
|
| 801 | 1 |
_aRU _bNLR _c20111121 |
|
| 942 | _cBOOK | ||
| 980 | _aNB | ||